Agrobacterium protocols (Record no. 184471)

MARC details
000 -LEADER
fixed length control field 00590nam a22002177a 4500
020 ## - INTERNATIONAL STANDARD BOOK NUMBER
ISBN 1-58829-843-4
041 ## - LANGUAGE CODE
Language code of text/sound track or separate title eng
082 ## - DEWEY DECIMAL CLASSIFICATION NUMBER
Edition number 23rd ed.
Classification number 631.5233
Item number AGR
245 ## - TITLE STATEMENT
Title Agrobacterium protocols
Statement of responsibility, etc edited by Kan Wang
250 ## - EDITION STATEMENT
Edition statement 2nd ed.
260 ## - PUBLICATION, DISTRIBUTION, ETC. (IMPRINT)
Place of publication New Jersey
Name of publisher Humana
Year of publication 2006
300 ## - PHYSICAL DESCRIPTION
Number of Pages xxiii, 485p.; ill.; tables.;
Dimensions 23 cm.
440 ## - SERIES STATEMENT/ADDED ENTRY--TITLE
Title Methods in Molecular Biology
Volume number/sequential designation 344
650 ## - SUBJECT ADDED ENTRY--TOPICAL TERM
Topical Term Agrobacterium
650 ## - SUBJECT ADDED ENTRY--TOPICAL TERM
Topical Term Genetics
650 ## - SUBJECT ADDED ENTRY--TOPICAL TERM
Topical Term Protocol-books
700 ## - ADDED ENTRY--PERSONAL NAME
Personal name Wang, Kan (ed.)
856 ## - ELECTRONIC LOCATION AND ACCESS
Uniform Resource Identifier www.humanapress.com
942 ## - ADDED ENTRY ELEMENTS (KOHA)
Koha item type Books
Holdings
Withdrawn status Lost status Damaged status Collection code Home library Current library Shelving location Date acquired Full call number Accession Number Copy number Koha item type
      NANO TECHNOLOGY North Eastern Hill University North Eastern Hill University Information Technology 19/02/2026 631.5233 AGR 330584 .2,1 Books